| 000 | 01607cam a2200373 a 4500 | ||
|---|---|---|---|
| 999 |
_c9804 _d9804 |
||
| 001 | 9804 | ||
| 003 | BD-JhCC | ||
| 005 | 20180401105542.0 | ||
| 008 | 020124s2001 bg ab b f000 0 eng | ||
| 020 | _a9843113136 | ||
| 035 |
_a(DLC) 2002285290 _a(BD-JhCC)9804 |
||
| 040 |
_aDLC _cDLC _dDLC _dBD-JhCC |
||
| 041 | _aeng | ||
| 050 | 0 | 0 |
_aDS393.6 _b.F73 2001 |
| 082 |
_bFRA 2001 _a954.92 |
||
| 245 | 0 | 0 |
_aFrance-Bangladesh Joint Venture Excavations at Mahasthangarh : _bfirst interim report, 1993-1999 / _cedited by Md. Shafiqul Alam, Jean-François Salles. |
| 246 | 3 | 0 | _aFirst interim report, 1993-1999 |
| 260 |
_aDhaka : _bDept. of Archaeology, Ministry of Cultural Affairs, Govt. of the People's Republic of Bangladesh, _cc2001. |
||
| 300 |
_avi, 495 p. : _bill., maps (some col.) ; _c28 cm. |
||
| 440 | 0 |
_aB.A. series ; _v23 |
|
| 500 | _a"Mission française de coopération archéologique au Bangladesh, Maison de l'Orient méditerranéen-Jean Pouilloux, Lyon, Ministry of Foreign Affairs, France." | ||
| 504 | _aIncludes bibliographical references. | ||
| 520 | _aContributed articles. | ||
| 650 | 0 |
_aExcavations (Archaeology) _zBangladesh. |
|
| 651 | 0 |
_aBangladesh _xAntiquities. |
|
| 700 | 1 | _aAlam, Md. Shafiqul. | |
| 700 | 1 |
_aSalles, Jean-François, _d1944- |
|
| 710 | 2 | _aFrance-Bangladesh Joint Venture Excavations at Mahasthangarh. | |
| 710 | 2 | _aMission française de coopération archéologique au Bangladesh. | |
| 710 | 2 | _aMaison de l'Orient méditerranéen-Jean Pouilloux (Lyon, France) | |
| 710 | 1 |
_aBangladesh. _bDepartment of Archaeology. |
|
| 942 |
_2ddc _cBK |
||